| 000 | 02207cam a2200385 i 4500 | ||
|---|---|---|---|
| 999 |
_c9150 _d9150 |
||
| 001 | 39368475 | ||
| 003 | OCoLC | ||
| 005 | 20241126110706.0 | ||
| 007 | ta | ||
| 008 | 980617s1998 miu b 001 0 eng | ||
| 010 | _a 98029708 | ||
| 020 | _a0310493900 | ||
| 020 | _a9780310493907 | ||
| 035 | _a(OCoLC)39368475 | ||
| 040 |
_aDLC _beng _erda _cDLC _dBAKER _dNLGGC _dBTCTA _dYDXCP _dDEBBG _dBDX _dOUP _dOCLCF _dAUTTC _dCHC _dNZABT _dOCLCO _dOCLCA _dMNLUT _dOCLCQ _dOCLCO _dSJG _dOCLCQ _dOCLCA _dCNCMU _dAQ3 _dCIRBC |
||
| 050 | 0 | 0 |
_aBS2775.3 _b.G865 1998 |
| 082 | 0 | 0 |
_a220.77 _a227.87077 _221 _bNIV |
| 092 | 0 |
_fR _a220.77 _bN734 |
|
| 100 | 1 |
_aGuthrie, George H., _d1959- _eauthor. _915959 |
|
| 245 | 1 | 0 |
_aHebrews : _bthe NIV application commentary from biblical text-- to contemporary life / _cGeorge H. Guthrie. |
| 264 | 1 |
_aGrand Rapids, MI : _bZondervan, _c[1998] |
|
| 264 | 4 | _c℗♭1998. | |
| 300 |
_a468 pages ; _c24 cm. |
||
| 336 |
_atext _btxt _2rdacontent |
||
| 337 |
_aunmediated _bn _2rdamedia |
||
| 338 |
_avolume _bnc _2rdacarrier |
||
| 490 | 1 | _aNIV application commentary | |
| 504 | _aIncludes bibliographical references and indexes. | ||
| 505 | 0 | _aSeries Introduction -- General Editor's Preface -- Author's Preface -- Abbreviations -- Introduction -- Outline of Hebrews -- Annotated Bibliography -- Text and Commentary on Hebrews -- Scripture Index -- Subject Index. | |
| 520 | _aMost Bible commentaries take us on a one-way trip from the twentieth century to the first century. But they leave us there, assuming that we can somehow make the return journey on our own. In other words, they focus on the original meaning of the passage but don't discuss its contemporary application. The information they offer is valuable but the job is only half done! The NIV Application Commentary Series helps us with both halves of the interpretative task. This new and unique series shows readers how to bring an ancient message into modern context. It explains not only what the Bible meant but also how it can speak powerfully today. | ||
| 630 | 0 | 0 |
_aBible. _pHebrews _vCommentaries. _9884 |
| 655 | 7 |
_aCommentaries. _2fast _0(OCoLC)fst01423723 _9875 |
|
| 830 | 0 |
_aNIV application commentary. _91769 |
|
| 942 |
_2ddc _cREF |
||